01118nam a2200289Ia 4500001000800000003000500008008004100013010001100054040000900065090001800074100003600092245023300128260006400361300000900425410003400434650002900468700004200497700003800539901001800577902000600595905006300601910000900664942000900673942001200682999001900694952011500713Para_44CHAP220125s1977 xx 000 0 und d a198617 cCHAP aPA FOLLETO 47 aFlores García, Rodolfo941552 aDeterminación del nivel economico del daño causado por Alabama Argillacea al cultivo del algodonero en la zona del Soconusco, Chiapas, México /c por Rodolfo Flores García, P. René Bodegas Valera y Martha E. de Coss F aTapachula, Chis. :b Centro de Investigaciones del Sureste a5 p. aBoletín de información; 5 aAlabama argillacea93298 aI. Bodegas Valera P., René 9163898 aII. Coss F., Martha E. de9163899 aPA FOLLETO 47 aA a0000071977 Tap 0000000000 00 a1977 cPARA cPARAd1 c198617d198617 00102local40708FOLLaPAbPAc12d2005-10-27fPARAl0pPA_2046r2022-01-25 00:00:00t1w2022-01-25yFOLLz3